| Tag |
First Indicator |
Second Indicator |
Subfields |
| LEADER |
00000cam a2200000 a 4500 |
| 001 |
in00000014284 |
| 005 |
20151007052159.0 |
| 008 |
860530s1986 nyuae b 00010 eng |
| 010 |
|
|
|a 85043484
|
| 020 |
|
|
|a 0847807002 :
|c $45.00
|
| 020 |
|
|
|a 0847807045 (pbk.) :
|c $29.95
|
| 035 |
|
|
|a (OCoLC)13760294
|
| 035 |
|
|
|9 AAA6647AM
|
| 040 |
|
|
|a DLC
|c DLC
|d m/c
|d TXA
|d UtOrBLW
|
| 043 |
|
|
|a n-us---
|
| 049 |
|
|
|a TXAM
|c 1 [A11055895]
|c 2 [A12435218]
|
| 050 |
0 |
0 |
|a NA737.S64
|b A4 1986a
|
| 082 |
0 |
|
|a 720/.92/4
|2 19
|
| 100 |
1 |
|
|a Stern, Robert A. M.
|
| 245 |
1 |
0 |
|a Buildings and projects, 1981-1985 /
|c Robert A.M. Stern ; edited by Luis F. Rueda.
|
| 246 |
1 |
4 |
|a Robert A.M. Stern, buildings and projects 1981-1985
|
| 246 |
1 |
8 |
|a Robert A.M. Stern 1981-1985
|
| 264 |
|
1 |
|a New York :
|b Rizzoli,
|c 1986.
|
| 300 |
|
|
|a 303 pages :
|b illustrations (some color), plans ;
|c 29 cm.
|
| 336 |
|
|
|a text
|b txt
|2 rdacontent
|
| 337 |
|
|
|a unmediated
|b n
|2 rdamedia
|
| 338 |
|
|
|a volume
|b nc
|2 rdacarrier
|
| 504 |
|
|
|a Bibliography: pages 296-301.
|
| 541 |
0 |
|
|a Donated by Paul H. Sanders, Jr. Dr.P.H. AIA, Class of '68
|d 20130510
|
| 600 |
1 |
0 |
|a Stern, Robert A. M.
|
| 650 |
|
0 |
|a Architecture
|z United States
|x Themes, motives.
|
| 650 |
|
0 |
|a Interior architecture
|z United States.
|
| 700 |
1 |
|
|a Rueda, Luis F.
|
| 999 |
|
|
|a MARS
|
| 999 |
f |
f |
|s 4934f8e1-8178-3c7a-9c28-652ac4880109
|i a473cccd-2643-3531-bc35-ed2177be5a81
|t 0
|
| 952 |
f |
f |
|p ric
|a Texas A&M University
|b Rellis Campus
|c Joint Library Facility
|d Remote Storage
|t 0
|e NA737.S64 A4 1986a
|h Library of Congress classification
|i unmediated -- volume
|m A14812435218
|
| 952 |
f |
f |
|p storage
|a Texas A&M University
|b J.J. Pickle Campus
|c High Density Repository
|d Remote Storage
|t 0
|e NA737.S64 A4 1986a
|h Library of Congress classification
|i unmediated -- volume
|m A14811055895
|
| 998 |
f |
f |
|a NA737.S64 A4 1986a
|t 0
|l Remote Storage
|
| 998 |
f |
f |
|a NA737.S64 A4 1986a
|t 0
|l Remote Storage
|